000 01165cam a22003134a 4500
001 13138807
003 CEME
005 20210628201527.0
008 030327s2003 flua b 001 0 eng
010 _a 2003048530
020 _a0849317339 (alk. paper)
040 _aDLC
_cDLC
_dDLC
042 _apcc
050 0 0 _aTK7878
_b.E435 2003
082 0 0 _a621.3815/48
_221
245 0 0 _aElectrical measurement, signal processing, and displays /
_cedited by John G. Webster.
260 _aBoca Raton :
_bCRC Press,
_cc2003.
300 _a1 v. (various pagings) :
_bill. ;
_c27 cm.
490 1 _aPrinciples and applications in engineering series
504 _aIncludes bibliographical references and index.
650 0 _aElectronic measurements.
_941546
650 0 _aElectric measurements.
_941286
650 0 _aSignal processing.
_9723
700 1 _aWebster, John G.,
_d1932-
_9201
830 0 _aPrinciples and applications in engineering
_955653
856 4 1 _3Table of contents only
_uhttp://www.loc.gov/catdir/toc/fy038/2003048530.html
856 4 2 _3Publisher description
_uhttp://www.loc.gov/catdir/enhancements/fy0646/2003048530-d.html
942 _2ddc
_cBK
999 _c566423
_d566423